|
|
|
|
| LEADER |
00000nab a2200000Ia 4500 |
| 001 |
vtls010832416 |
| 003 |
SK-MaSNL |
| 005 |
20260305015022.0 |
| 008 |
230121|2000 xo |||||||||||||||||slo| |
| 035 |
|
|
|a (urnnbn)urn:nbn:sk:snk:ar-a06l4c
|
| 035 |
|
|
|a urn:nbn:sk:snk-ab5x2t
|
| 035 |
|
|
|a (uuid)11e83caf-bc26-48a3-96c5-bcc6843ab6da
|
| 040 |
|
|
|a SNKBUCL
|b slo
|c SNKBUCL
|e AACR2
|
| 041 |
0 |
|
|a slo
|
| 044 |
|
|
|a xo
|c SK
|
| 080 |
|
|
|a 004.738.5
|2 2001
|
| 080 |
|
|
|a (480)
|2 2001
|
| 100 |
1 |
|
|a Koren, Marian
|4 aut
|9 1593614
|
| 245 |
1 |
0 |
|a Internet - verejný prístup k informáciám a sloboda vyjadrovania sa
|c Marian Koren ; preklad J. Kurák
|
| 504 |
|
|
|a Bibliogr. odkazy
|
| 610 |
2 |
7 |
|a Rada Európy
|2 SNKKA
|9 16012
|
| 648 |
|
7 |
|a 1999
|2 SNK
|9 266597
|
| 650 |
0 |
7 |
|a internet
|2 SNKPH
|9 1833
|
| 650 |
0 |
7 |
|a informačné a komunikačné technológie
|2 SNKPH
|9 81648
|
| 651 |
|
7 |
|a Helsinki (Fínsko)
|2 SNKPH
|9 21447
|
| 700 |
1 |
|
|a Kurák, Ján,
|d 1932-
|4 trl
|9 218344
|
| 773 |
0 |
|
|t Bulletin Slovenskej asociácie knižníc
|g Roč. 8, č. 1 (2000), s. 50-55
|
| 954 |
|
|
|a odborná, vedecká literatúra cudzojazyčná (svetová)
|2 lita
|
| 958 |
|
|
|a NB
|
| 958 |
|
|
|a OND
|
| 958 |
|
|
|a EUIPO
|
| 958 |
|
|
|a article5
|
| 999 |
|
|
|c 3272621
|d 3274551
|